Madame Bovary /
Es la primera muestra de novela contemporánea, por su observación minuciosa y precisa de la realidad. El asunto se ciñe a la figura de Emma, hija de un campesino, alma novelesca y perpetuamente insatisfecha. Por afán de escapar a la vida rústica se casa con un médico de pueblo, pero no tarda en desc...
Guardado en:
| Autor Principal: | |
|---|---|
| Formato: | Libro |
| Idioma: | Undetermined |
| Publicado: |
Barcelona,
1992.
|
| Edición: | 1a ed. |
| Series: | Clásicos de la literatura universal
|
| Materias: | |
| Etiquetas: |
Agregar Etiqueta
Sin Etiquetas, Sea el primero en etiquetar este registro!
|
| LEADER | 01290nam a22002055a 4500 | ||
|---|---|---|---|
| 001 | CEM.cems025106 | ||
| 008 | 260410s1992####sp############000#0#und#d | ||
| 005 | 20260410084234.0 | ||
| 245 | 1 | 0 | |a Madame Bovary / |c Gustave Flaubert. |
| 250 | |a 1a ed. | ||
| 260 | |a Barcelona, |c 1992. | ||
| 300 | |a 409 p. ; |c 20 cm. | ||
| 490 | 1 | |a Clásicos de la literatura universal | |
| 520 | |a Es la primera muestra de novela contemporánea, por su observación minuciosa y precisa de la realidad. El asunto se ciñe a la figura de Emma, hija de un campesino, alma novelesca y perpetuamente insatisfecha. Por afán de escapar a la vida rústica se casa con un médico de pueblo, pero no tarda en descubrir la irremediable mediocridad de ese hombre gris y limitado, y se aburre desesperadamente. El hastío hará de ella la presa fácil del primer joven hermoso que le parecerá encarnar su ideal, luego se enamorará de un joven notario, y la degradación así iniciada continuará sin que ella llegue a darse plena cuenta, arrastrada por el torbellino del placer, se imagina estar viviendo una novela. | ||
| 020 | |a 8448703014 | ||
| 100 | 1 | |a Flaubert, Gustave, |d 1992. | |
| 082 | 0 | 4 | |a 843.7 |
| 653 | |a Literatura francesa | ||
| 653 | |a Novelas francesas | ||
| 859 | |a CEMS |b BIB. CEMS - Agricultura |h 843.7 |i F617 |p A4076.26 |t Ej.1 | ||
